[Event "Novosibirsk CC-ch"]
[Site "Novosibirsk"]
[Date "2007.01.26"]
[Round "10"]
[White "Karmanov, Sergei"]
[Black "Okladnikov, Gennady"]
[Result "0-1"]
[WhiteElo "2074"]
[BlackElo "2188"]
[PlyCount "100"]
[EventDate "2007.01.14"]
[EventType "swiss"]
[EventRounds "11"]
[EventCountry "RUS"]
[SourceTitle "EXT 2010"]
[Source "ChessBase"]
[SourceDate "2010.11.25"]
[SourceVersion "1"]
[SourceVersionDate "2010.11.25"]
[SourceQuality "1"]

1. d4 g6 2. c4 Bg7 3. Nc3 Nf6 4. e4 d6 5. f4 c5 6. d5 0-0 7. Be2 e6 8. Nf3 exd5 9. cxd5 b5 10. e5 dxe5 11. fxe5 Ng4 12. Bg5 f6 13. exf6 Bxf6 14. Bxf6 Qxf6 15. Qd2 a6 16. 0-0 Bf5 17. h3 Ne5 18. Nxe5 Qxe5 19. Bf3 Nd7 20. d6 Rad8 21. Rfe1 Qd4+ 22. Qxd4 cxd4 23. Nd5 Nf6 24. Ne7+ Kf7 25. Nxf5 gxf5 26. Re7+ Kg6 27. Re6 Rfe8 28. Rae1 d3 29. Rxe8 Nxe8 30. d7 Nf6 31. Bc6 Nxd7 32. g4 d2 33. gxf5+ Kxf5 34. Rf1+ Ke5 35. Rd1 Nc5 36. Kf1 Ne6 37. Bb7 a5 38. Ke2 Nf4+ 39. Kf2 Nxh3+ 40. Ke3 Nf4 41. Rxd2 Rxd2 42. Kxd2 Kd4 43. Kc2 h5 44. Bc6 Kc5 45. Bf3 h4 46. a3 h3 47. Kc3 b4+ 48. axb4+ axb4+ 49. Kd2 Kd4 50. b3 h2 0-1

[Event "Novosibirsk CC-ch"]
[Site "Novosibirsk"]
[Date "2007.01.18"]
[Round "4"]
[White "Karmanov, Sergei"]
[Black "Koshelev, Vladimir"]
[Result "1-0"]
[WhiteElo "2074"]
[BlackElo "2059"]
[PlyCount "127"]
[EventDate "2007.01.14"]
[EventType "swiss"]
[EventRounds "11"]
[EventCountry "RUS"]
[SourceTitle "EXT 2010"]
[Source "ChessBase"]
[SourceDate "2010.11.25"]
[SourceVersion "1"]
[SourceVersionDate "2010.11.25"]
[SourceQuality "1"]

1. d4 d5 2. c4 e6 3. Nc3 Nf6 4. Nf3 Be7 5. e3 b6 6. cxd5 exd5 7. Ne5 0-0 8. Bd3 Bb7 9. 0-0 Nbd7 10. f4 Ne4 11. Nxe4 dxe4 12. Bc4 Nxe5 13. fxe5 Bd5 14. b3 c6 15. a4 Qd7 16. Ra2 Rad8 17. Raf2 Qe6 18. Qe2 f6 19. exf6 Rxf6 20. Rxf6 Bxf6 21. Ba3 h6 22. Rf4 Bg5 23. Rf1 Kh7 24. g3 Rd7 25. h4 Bf6 26. Qf2 Qg4 27. Qf5+ Qxf5 28. Rxf5 Kg6 29. Rf1 Kf7 30. Bxd5+ cxd5 31. Rc1 h5 32. Rc6 Kg6 33. Bd6 Kf5 34. Bf4 g5 35. hxg5 Bxg5 36. Bxg5 Kxg5 37. Kg2 h4 38. gxh4+ Kxh4 39. Rh6+ Kg5 40. Re6 Rc7 41. Kg3 Rc3 42. Re5+ Kf6 43. Kf4 Rxb3 44. Rxd5 Ke6 45. Rh5 Kd6 46. Kxe4 a5 47. Rh6+ Kc7 48. d5 Ra3 49. Kd4 Rxa4+ 50. Ke5 Rg4 51. Rh7+ Kc8 52. e4 Rg6 53. d6 Rg5+ 54. Ke6 Rg6+ 55. Kd5 Rg1 56. e5 a4 57. e6 a3 58. Rh8+ Kb7 59. Rh7+ Kb8 60. e7 Rd1+ 61. Kc6 Rc1+ 62. Kxb6 Rb1+ 63. Ka6 a2 64. e8Q# 1-0